000 00503nam a2200205Ia 4500
001 12489
003 GE_BSU
008 181216s||||||||xx |||||||||||||| ||und||
040 _cGE_BSU
080 _a635.3
100 _aАльпатьев,А.В.
245 _aПомидоры
245 _cРед.Г.Соколова
260 _aМосква
260 _bМосковский рабочий
260 _c1976
300 _a239стр.20см.илл.
653 _aПомидоры
942 _cBK
999 _c45663
_d45663